000 00829nam a22002297a 4500
999 _c18752
_d18752
003 AR-CdUCM
008 190402b ||||| |||| 00| 0 spa d
040 _aMUNICIPALIDAD PROVINCIAL DEL CUSCO
_cBIBLIOTECA MUNICIPAL DEL CUSCO
082 _a398 /
_bG77
100 _aGow, Rosalind
_928074
245 _aKay Pacha /
260 _aCusco :
_bCentro de Estudios Rurales Andinos "Bartolomé de las Casas"
_bCultura Andina,
_c1976..
300 _a99 páginas ;
_c26 cm.
505 _aContenido : Pachamama -- Nuestros antepasados antiguos-- Apus -- Lagos, ríos y lugares peligros -- Altomisa y Pampamisa --Fiestas...
650 _aMitología Peruana
_99864
650 _aQuechua
_92063
650 _aGentiles
_939530
650 _aPerú-Cusco
_95400
700 _aCondori, Bernabe
_939531
942 _2ddc
_cLIBROS
945 _arcc